Geography Quiz

Random Geography or State Quiz

Which state first had one million people? Quiz Stats

 Plays Quiz not verified by Sporcle

Also try: 'New' Places
Challenge
Share
Tweet
Embed
Score 0/16 Timer 06:00
0 Plays Today
Choices State % Correct
Minnesota or Wisconsin????
83.7%
Georgia or Mississippi????
83.7%
Missouri or Texas????
77.9%
California or Michigan????
74.4%
Illinois or Ohio????
74.4%
Maryland or Virginia????
73.3%
Connecticut or New Jersey????
73.3%
Iowa or Kansas????
70.9%
Choices State % Correct
Arkansas or Colorado????
65.1%
Massachusetts or Pennsylvania????
58.1%
Idaho or New Mexico????
55.8%
Oregon or Washington????
53.5%
Florida or Oklahoma????
34.9%
North Carolina or Tennessee????
32.6%
Kentucky or Louisiana????
30.2%
Maine or Rhode Island????
29.1%

You're not logged in!

Compare scores with friends on all Sporcle quizzes.
Join for Free
OR
Log In

You Might Also Like...

Show Comments

Extras

Top Quizzes Today


Score Distribution

Your Account Isn't Verified!

In order to create a playlist on Sporcle, you need to verify the email address you used during registration. Go to your Sporcle Settings to finish the process.

Report this User

Report this user for behavior that violates our Community Guidelines.

Details: